Statistiques concernant Pays composés de 2 mots ou plus

Cliquez ici pour prendre le quiz!

Statistiques générales

  • Ce quiz a été pris 1 763 fois
    (1 739 depuis la dernière actualisation)
  • Le résultat moyen est 24 sur 37

Statistiques - réponses

MotsPays% Correct
2États-Unis
90%
2Nouvelle-Zélande
85%
3Corée du Sud
84%
3Corée du Nord
83%
4République Démocratique du Congo
83%
2Royaume-Uni
80%
3République du Congo
76%
3Afrique du Sud
75%
3Papouasie-Nouvelle-Guinée
75%
2République Dominicaine
74%
2Sainte-Lucie
72%
5Saint-Vincent-et-les-Grenadines
71%
2Arabie Saoudite
70%
2Guinée équatoriale
70%
2Saint-Marin
70%
2Bosnie-Herzégovine
69%
2Guinée-Bissau
69%
4Saint-Christophe-et-Nièves
69%
3Soudan du Sud
69%
2Pays-Bas
68%
3Émirats arabes unis
66%
3Trinité-et-Tobago
66%
4São Tomé-et-Principe
65%
2Cap-Vert
63%
2République Tchèque
63%
3Antigua-et-Barbuda
62%
2Sri Lanka
61%
2Îles Marshall
57%
2République Centrafricaine
57%
2Costa Rica
53%
2Timor Oriental
50%
2Sierra Leone
46%
3Côte d'Ivoire
45%
3Macédoine du Nord
45%
2Burkina Faso
43%
2Viêt Nam
41%
2Île Maurice
34%

Distribution des résultats

Percentile par nombre de réponses

% des personnes avec chaque résultat

Votre développement - résultats

Vous n’avez pas pris ce quiz depuis la dernière actualisation